[Event "MEX-ch"]
[Site "Pachuca"]
[Date "2007.11.08"]
[Round "2"]
[White "Hernandez Marquez, Jose de Jesus"]
[Black "Furio, Vidal Pedro"]
[Result "0-1"]
[WhiteElo "1755"]
[BlackElo "2152"]
[PlyCount "62"]
[EventDate "2007.11.08"]
[EventType "swiss"]
[EventRounds "6"]
[EventCountry "MEX"]
[SourceTitle "EXT 2024"]
[Source "ChessBase"]
[SourceDate "2023.10.10"]
[SourceVersion "1"]
[SourceVersionDate "2023.10.10"]
[SourceQuality "1"]

1. e4 g6 2. d4 Bg7 3. Be3 c5 4. c3 Nf6 5. f3 cxd4 6. cxd4 d5 7. e5 Nfd7 8. Nc3 e6 9. Qd2 Nc6 10. h4 f6 11. exf6 Qxf6 12. 0-0-0 0-0 13. g4 Nb6 14. g5 Qf7 15. b3 e5 16. Nce2 Bf5 17. Bh3 Rac8 18. Kb2 exd4 19. Bxd4 Nxd4 20. Nxd4 Rc2+ 21. Qxc2 Bxc2 22. Kxc2 Qc7+ 23. Kb1 Bxd4 24. Rxd4 Qc3 25. Rd1 Re8 26. Bg4 d4 27. h5 d3 28. Rc1 Re1 29. Ne2 Qc2+ 30. Ka1 Qxc1+ 31. Nxc1 Rxh1 0-1